| 000 | 00994 a2200193 4500 | ||
|---|---|---|---|
| 020 | _a1853261777 (paperback) | ||
| 020 | _a9781853261770 (paperback) | ||
| 082 | 0 | 4 | _a813 |
| 090 |
_c4689 _d4689 |
||
| 100 | 1 | _aJames, Henry. | |
| 245 | 1 | 0 |
_aPortrait of a lady / _cHenry James. |
| 260 |
_a[S.l.] : _bWordsworth Editions Ltd, _c1997. |
||
| 300 |
_a528 p. ; _c20 cm. |
||
| 490 | 1 | _aWordsworth classics. | |
| 520 | _aIntroduction and Notes by Lionel Kelly, Senior Lecturer in English, University of Reading Transplanted to Europe from her native America, Isabel Archer has candour, beauty, intelligence, an independent spirit and a marked enthusiasm for life. An unexpected inheritance apparently gives her freedom, but despite all her natural advantages she makes one disastrous error of judgement and the result is genuinely tragic. | ||
| 830 | 0 | _aWordsworth classics. | |
| 856 | 4 | 0 |
_3Amazon.com _uhttp://www.amazon.com/exec/obidos/ASIN/1853261777/chopaconline-20 |
| 942 |
_aNBS _cBK _k813.4 JAM |
||
| 999 |
_c347122 _d347122 |
||